[Event "Michigan Open Reserve"]
[Site "Romulus, MI"]
[Date "2000.09.03"]
[Round "3.62"]
[White "Ramp, James"]
[Black "Davidovich, Manis"]
[Result "0-1"]
[WhiteElo "1348"]
[BlackElo "1695"]
[Annotator "Jeff Aldrich"]
[PlyCount "50"]
[EventDate "2000.09.01"]

{Benoni: Czech} 1. d4 Nf6 2. c4 c5 3. d5 e5 4. dxe6 fxe6 5. Nc3 Be7 (5... d5 {
seems more appropriate here, but you can't blame him for wanting to get
castled and put the rook on the f-file.}) 6. e4 O-O 7. Nf3 Nc6 8. Be2 Qc7 9.
Nb5 Qa5+ 10. Bd2 Qb6 11. Qc2 d5 {Made possible by a small tactic.} 12. cxd5
exd5 13. exd5 Nxd5 14. Bc4 Kh8 15. O-O Nf4 16. Qe4 $6 {This does nothing more
than put the queen out there for target practice. That is one big buck.} Ng6
17. b3 Bf5 {The first shot sends the big buck scurrying, but it gets stuck out
in the open and can't make it back to the woods.} 18. Qe2 $2 Bg4 {Now the shot
at the little buck and the white king-side will look like venicen sausage.} 19.
Bd5 a6 20. Nc3 Nd4 21. Qd3 Bxf3 22. gxf3 Ne5 23. Qe4 Nexf3+ 24. Kh1 Qd6 25. Bf4
Rxf4 0-1

[Event "Michigan Open Reserve"]
[Site "Romulus, MI"]
[Date "2000.09.03"]
[Round "4.24"]
[White "Raban, David"]
[Black "Steen, Harold"]
[Result "1-0"]
[WhiteElo "1586"]
[BlackElo "1670"]
[PlyCount "73"]
[EventDate "2000.09.01"]

1. d4 Nf6 2. c4 g6 3. Nc3 Bg7 4. e4 d6 5. Nf3 O-O 6. Be2 Nbd7 7. O-O c5 8. h3
cxd4 9. Nxd4 Nc5 10. Bd3 Nxd3 11. Qxd3 Nd7 12. f4 a6 13. Be3 Qa5 14. Rad1 Qh5
15. Kh2 Qa5 16. Qd2 e5 17. Nb3 Qc7 18. Qxd6 Qxc4 19. f5 Nf6 20. Nc5 Ne8 21. Qd2
Nf6 22. g4 b6 23. b3 Qb4 24. a3 Qa5 25. b4 Qxa3 26. Ra1 Qxb4 27. Rfb1 bxc5 28.
Rxb4 cxb4 29. Nd5 Nxe4 30. Qxb4 Nf6 31. Nc7 Nd5 32. Nxd5 Bd7 33. f6 Rfb8 34.
Ne7+ Kh8 35. fxg7+ Kxg7 36. Qd6 Rb2+ 37. Kg1 1-0

[Event "Michigan Open"]
[Site "Romulus, MI"]
[Date "2000.09.03"]
[Round "4.55"]
[White "Prusaitis, William"]
[Black "Morabito, Matthew"]
[Result "1-0"]
[WhiteElo "1876"]
[BlackElo "1851"]
[PlyCount "83"]
[EventDate "2000.09.01"]

1. e4 e5 2. Nf3 d6 3. Nc3 g6 4. Bc4 Bg7 5. O-O Nf6 6. d3 O-O 7. h3 c6 8. Bb3 b5
9. a3 Nbd7 10. Be3 Bb7 11. Qe2 a6 12. Rfe1 c5 13. Rad1 Rc8 14. Bd5 Nxd5 15.
Nxd5 Bxd5 16. exd5 f5 17. c4 Nf6 18. Bg5 Qa5 19. Bxf6 Bxf6 20. Qd2 Qd8 21. Re2
Rb8 22. Rb1 bxc4 23. dxc4 e4 24. Ne1 Rb3 25. Qc2 Qb6 26. f3 exf3 27. Nxf3 Rb8
28. Re6 Qd8 29. Rbe1 Kf7 30. Qd2 Rxb2 31. Qh6 Kg8 32. Re8+ Qxe8 33. Rxe8+ Rxe8
34. Qf4 Ree2 35. Qxd6 Rxg2+ 36. Kh1 Kg7 37. Qd7+ Kh6 38. Qe6 Bc3 39. Qe3+ f4
40. Qxc3 Rgc2 41. Qe1 Re2 42. Qh4+ 1-0

[Event "Michigan Open"]
[Site "Romulus, MI"]
[Date "2000.09.03"]
[Round "4.6"]
[White "Pierce, Kevin"]
[Black "Mazuchowski, Tom"]
[Result "1-0"]
[WhiteElo "1902"]
[BlackElo "2096"]
[PlyCount "109"]
[EventDate "2000.09.01"]

1. e4 c5 2. Nc3 Nc6 3. f4 g6 4. Nf3 Bg7 5. Bb5 Nd4 6. Bd3 d6 7. h3 e6 8. O-O
Ne7 9. Ne2 Nxf3+ 10. Rxf3 f5 11. exf5 gxf5 12. Bb5+ Bd7 13. Bxd7+ Qxd7 14. d4
O-O-O 15. Be3 Qc7 16. c4 Kb8 17. Rb1 cxd4 18. Bxd4 Bxd4+ 19. Qxd4 e5 20. Qc3 e4
21. Rf2 d5 22. c5 Rhg8 23. Nd4 Qd7 24. b4 Nc6 25. b5 Nxd4 26. Qxd4 Qg7 27. Rd2
Qxd4+ 28. Rxd4 b6 29. cxb6 axb6 30. Rbd1 Rge8 31. Rxd5 Rxd5 32. Rxd5 e3 33. Kf1
Re4 34. Rxf5 Rb4 35. Ke2 Rb2+ 36. Kf3 Rxa2 37. Re5 Rb2 38. g3 e2 39. Rxe2 Rxb5
40. Re8+ Kb7 41. Re7+ Kc6 42. Rxh7 Rb1 43. f5 b5 44. Ke3 Rb3+ 45. Kf4 b4 46. f6
Kd6 47. g4 Rb1 48. g5 b3 49. Rb7 b2 50. f7 Rf1+ 51. Kg4 Rxf7 52. Rxb2 Rf1 53.
Re2 Rf8 54. g6 Ra8 55. h4 1-0

[Event "Michigan Open Reserve"]
[Site "Romulus, MI"]
[Date "2000.09.03"]
[Round "5.30"]
[White "Peiris, Eshal"]
[Black "Raban, David"]
[Result "1-0"]
[WhiteElo "985"]
[BlackElo "1586"]
[Annotator "Jeff Aldrich"]
[PlyCount "69"]
[EventDate "2000.09.01"]

{Gruenfeld: Kemeri (Kashdan)} 1. c4 Nf6 2. Nc3 g6 3. g3 Bg7 4. Bg2 O-O 5. Nf3
c6 6. O-O d5 7. cxd5 cxd5 8. d4 {The game has tranposed to a symmetrical
Fianchetto Gruenfeld.} Nc6 9. Ne5 e6 10. Nxc6 bxc6 11. e3 Nd7 12. Bd2 c5 13.
dxc5 Nxc5 14. Rb1 a5 15. Ne2 Ba6 16. b4 Ne4 $6 ({With} 16... axb4 {the a-pawn
is very weaker than it is scary.}) 17. Bxe4 dxe4 18. b5 {On the other hand,
white's b-pawn is now scarier than it is weak.} Bb7 19. Bc3 Bd5 20. Bxg7 Kxg7
21. Rb2 Qe7 22. Nf4 Bc4 $2 23. Qd4+ e5 24. Nh5+ {It never hurt to create
another weakness on the king-side.} gxh5 25. Qxc4 f5 26. b6 Rac8 27. Qa6 Ra8
28. Qb5 f4 29. Rc1 Rac8 30. Rbc2 Rxc2 31. Rxc2 Qe6 32. exf4 exf4 33. b7 fxg3
34. Rc7+ Rf7 35. Qg5+ 1-0

[Event "Michigan Open Reserve"]
[Site "Romulus, MI"]
[Date "2000.09.03"]
[Round "5.41"]
[White "Neshewat, Michael"]
[Black "Ramp, James"]
[Result "1-0"]
[WhiteElo "1775"]
[BlackElo "1348"]
[PlyCount "47"]
[EventDate "2000.09.01"]

1. d4 Nf6 2. c4 g6 3. Nc3 Bg7 4. Nf3 d6 5. e4 O-O 6. Be3 Re8 7. Be2 b6 8. Qc2
Bb7 9. Nd2 e5 10. d5 c6 11. h4 h5 12. O-O-O cxd5 13. cxd5 Nbd7 14. Kb1 Qc7 15.
Rdg1 a6 16. g4 hxg4 17. Bxg4 Nxg4 18. Rxg4 Nf6 19. Rgg1 Rac8 20. Qd1 Nh5 21.
Nf1 Kf8 22. Ng3 Nf6 23. h5 Ng4 24. Qxg4 1-0

[Event "Michigan Open Reserve"]
[Site "Romulus, MI"]
[Date "2000.09.03"]
[Round "5.47"]
[White "Mose, Greg"]
[Black "Finegold, Spencer"]
[Result "1-0"]
[WhiteElo "1500"]
[BlackElo "952"]
[PlyCount "37"]
[EventDate "2000.09.01"]

1. e4 e5 2. Nf3 Nf6 3. Nc3 Nc6 4. d4 exd4 5. Nxd4 Nxd4 6. Qxd4 b6 7. g3 Bc5 8.
Qd3 O-O 9. Bg2 Bb7 10. O-O Re8 11. Bg5 h6 12. Bxf6 gxf6 13. Rad1 Bc8 14. Qf3
Rb8 15. Nd5 Be7 16. Rfe1 c6 17. Nxe7+ Qxe7 18. Qf4 Kh7 19. Qxb8 1-0

[Event "Michigan Open Reserve"]
[Site "Romulus, MI"]
[Date "2000.09.03"]
[Round "4.35"]
[White "Morian, William"]
[Black "Jaskot, Allan"]
[Result "1-0"]
[WhiteElo "1548"]
[BlackElo "1260"]
[PlyCount "189"]
[EventDate "2000.09.01"]

1. e4 e5 2. Nf3 Nc6 3. d4 exd4 4. Nxd4 Bc5 5. Be3 Qf6 6. c3 Nge7 7. Bb5 Ne5 8.
O-O O-O 9. Nc2 Qb6 10. Bxc5 Qxc5 11. Qe2 N7g6 12. Nba3 c6 13. Ba4 a5 14. Qe3
Qxe3 15. Nxe3 Nd3 16. Rab1 b5 17. Bc2 Ndf4 18. Rfe1 Nh4 19. Kh1 Nh5 20. Rbd1
Re8 21. Rd6 a4 22. Bd1 Nf6 23. f3 Re7 24. Nac2 Ne8 25. Rd2 Ng6 26. Nf5 Re5 27.
Nd6 Nxd6 28. Rxd6 c5 29. Rb6 Ba6 30. Be2 Re6 31. Rxe6 fxe6 32. Rd1 Rd8 33. Rd6
Nf4 34. Bf1 Ra8 35. Rxd7 b4 36. Bxa6 b3 37. axb3 axb3 38. Na3 Rxa6 39. Rd2 c4
40. h3 Nd3 41. Nxc4 Ne1 42. Rd8+ Kf7 43. Rb8 Ra4 44. Nd2 Ra1 45. Nxb3 Rb1 46.
Nd2 Rd1 47. Nf1 Nd3 48. Kg1 Nc1 49. Kf2 Rd3 50. c4 Nb3 51. Rc8 Na5 52. b4 Nb3
53. c5 Rc3 54. Ne3 h5 55. h4 g6 56. c6 Nc1 57. c7 Ke7 58. Rh8 Kd7 59. c8=Q+
Rxc8 60. Rxc8 Kxc8 61. Nc2 Kd7 62. Ke3 Kc6 63. Nd4+ Kd6 64. b5 e5 65. Nc6 Kc5
66. Nxe5 Kxb5 67. Nxg6 Nb3 68. Kf4 Kc6 69. Ke5 Kd7 70. Kf6 Ke8 71. f4 Nd4 72.
e5 Ne2 73. e6 Ng3 74. f5 Ne4+ 75. Kg7 Nc5 76. Nf8 Ne4 77. f6 Nd6 78. f7+ Ke7
79. Ng6+ Kxe6 80. f8=Q Nf5+ 81. Kh7 Nd4 82. Qc5 Nf5 83. Nf4+ Kf6 84. Qd5 Ng3
85. Qg5+ Kf7 86. Qxg3 Ke7 87. Qg6 Kd7 88. Qf6 Kc7 89. Qe6 Kd8 90. Qf7 Kc8 91.
Kg6 Kd8 92. Kf6 Kc8 93. Ke6 Kb8 94. Kd6 Ka8 95. Kc6 1-0

[Event "Michigan Open Reserve"]
[Site "Romulus, MI"]
[Date "2000.09.03"]
[Round "4.32"]
[White "Moore, Robert"]
[Black "Livschitz, Louiza"]
[Result "1-0"]
[WhiteElo "1627"]
[BlackElo "1431"]
[PlyCount "65"]
[EventDate "2000.09.01"]

1. e4 c5 2. Nf3 Nc6 3. d4 cxd4 4. Nxd4 Nf6 5. Nc3 d6 6. Be2 e6 7. O-O Be7 8.
Be3 O-O 9. Qd2 a6 10. f4 Qc7 11. a3 Rd8 12. Nb3 b5 13. Bf3 Bb7 14. Qf2 Re8 15.
Rfd1 Bd8 16. Rd2 Qe7 17. Rad1 Bc7 18. e5 dxe5 19. Bc5 Ng4 20. Bxg4 Qf6 21. fxe5
Qxe5 22. g3 Rad8 23. Rf1 f6 24. Re2 Qg5 25. Bxe6+ Kh8 26. Bf7 Rxe2 27. Qxe2 Na5
28. Qe7 Rc8 29. Re1 Bc6 30. Qe6 Rd8 31. Be3 Bxg3 32. Bxg5 Bxe1 33. Nxa5 1-0

[Event "Michigan Open Reserve"]
[Site "Romulus, MI"]
[Date "2000.09.03"]
[Round "5.56"]
[White "Mitchell, Dave"]
[Black "Gurski, Erin"]
[Result "1-0"]
[WhiteElo "1373"]
[BlackElo "576"]
[PlyCount "73"]
[EventDate "2000.09.01"]

1. e4 e5 2. Bc4 Nc6 3. Nc3 Bc5 4. d3 d6 5. f4 Be6 6. Bb5 Nge7 7. f5 Bd7 8. Nf3
O-O 9. Qe2 a6 10. Bc4 Be6 11. fxe6 fxe6 12. Be3 Bxe3 13. Qxe3 d5 14. exd5 exd5
15. Nxd5 Nxd5 16. Qe4 Ncb4 17. O-O-O b5 18. Bb3 a5 19. a4 bxa4 20. Bxa4 Nb6 21.
Bb3+ N6d5 22. c3 Nc6 23. Qxd5+ Kh8 24. Qxc6 Qb8 25. Kc2 Rf6 26. Qc4 Raa6 27.
Nxe5 Rf2+ 28. Rd2 Rxd2+ 29. Kxd2 Rf6 30. Nd7 Qd8 31. Nxf6 Qxf6 32. Re1 Qf8 33.
Qf7 h6 34. Qxf8+ Kh7 35. Qf5+ g6 36. Qf7+ Kh8 37. Re8# 1-0

[Event "Michigan Open"]
[Site "Romulus, MI"]
[Date "2000.09.03"]
[Round "4.15"]
[White "McCormick, Tim"]
[Black "Comstock, Ron"]
[Result "0-1"]
[WhiteElo "1468"]
[BlackElo "1872"]
[PlyCount "70"]
[EventDate "2000.09.01"]

1. d4 d5 2. c4 c6 3. Nf3 Nf6 4. Bg5 Ne4 5. Bf4 Nd7 6. Qc2 Ndf6 7. h3 Bf5 8. Qb3
Qb6 9. Qxb6 axb6 10. e3 e6 11. a3 Bb4+ 12. Nbd2 Nxd2 13. Nxd2 Ne4 14. Rd1 Bxd2+
15. Rxd2 Nxd2 16. Kxd2 Kd7 17. Be2 Rhc8 18. h4 h6 19. g4 Bg6 20. h5 Bh7 21. g5
hxg5 22. Bxg5 c5 23. cxd5 exd5 24. Bg4+ f5 25. Bh3 cxd4 26. exd4 Rc4 27. Be3
Ke6 28. Rg1 Kf7 29. b3 Rcc8 30. a4 b5 31. Rg5 bxa4 32. bxa4 Kf6 33. Ke2 Rxa4
34. Kf3 Re8 35. Bg2 Rxe3+ 0-1

[Event "Michigan Open Reserve"]
[Site "Romulus, MI"]
[Date "2000.09.03"]
[Round "4.33"]
[White "McCarter, Robert"]
[Black "Wright, Walter"]
[Result "1-0"]
[WhiteElo "1649"]
[BlackElo "1552"]
[PlyCount "133"]
[EventDate "2000.09.01"]

1. d4 Nf6 2. Nf3 d6 3. c4 c6 4. Nc3 g6 5. Bg5 Bg7 6. Qd2 Bf5 7. Bxf6 exf6 8. e4
Bg4 9. Be2 O-O 10. O-O f5 11. exf5 Bxf5 12. d5 c5 13. Rad1 Nd7 14. Rfe1 Ne5 15.
Nxe5 Bxe5 16. Bd3 Qf6 17. Bxf5 Qxf5 18. Ne4 Rfe8 19. b3 Bxh2+ 20. Kxh2 Rxe4 21.
Rxe4 Qxe4 22. Re1 Qh4+ 23. Kg1 Kf8 24. Qe3 Qd4 25. Qxd4 cxd4 26. Kf1 Re8 27.
Rxe8+ Kxe8 28. Ke2 f5 29. Kd3 g5 30. Kxd4 Ke7 31. f3 h5 32. Ke3 Kf6 33. g3 h4
34. gxh4 gxh4 35. f4 Kg6 36. Kf3 b6 37. b4 a6 38. Kg2 b5 39. cxb5 axb5 40. Kh3
Kh5 41. a3 Kg6 42. Kxh4 Kh6 43. Kg3 Kh5 44. Kh3 Kg6 45. Kg3 Kh5 46. Kf3 Kh4 47.
Ke3 Kg4 48. a4 bxa4 49. Kd3 a3 50. Kc2 a2 51. Kb2 a1=Q+ 52. Kxa1 Kxf4 53. b5
Ke3 54. b6 f4 55. b7 f3 56. b8=Q f2 57. Qb3+ Ke2 58. Qc4+ Ke1 59. Qe4+ Kf1 60.
Kb2 Kg1 61. Qg4+ Kf1 62. Kc2 Ke1 63. Qe4+ Kf1 64. Kd2 Kg1 65. Qg4+ Kh2 66. Ke2
Kh1 67. Kxf2 1-0

[Event "Michigan Open"]
[Site "Romulus, MI"]
[Date "2000.09.03"]
[Round "3.55"]
[White "Lehotzky, Attila"]
[Black "Prusaitis, William"]
[Result "1-0"]
[WhiteElo "1998"]
[BlackElo "1876"]
[PlyCount "53"]
[EventDate "2000.09.01"]

1. Nf3 Nf6 2. g3 d5 3. Bg2 e6 4. e3 c5 5. d4 Nc6 6. O-O Be7 7. Re1 O-O 8. Nc3
Re8 9. a3 a6 10. h3 Bf8 11. Kh2 Qc7 12. dxc5 Bxc5 13. b4 Bd6 14. Bb2 Bd7 15.
Nd4 Rad8 16. Nxc6 Bxc6 17. Rc1 h5 18. Ne2 Ne4 19. f4 h4 20. gxh4 f5 21. Nd4 Qf7
22. Bxe4 dxe4 23. Qe2 Kh7 24. Rg1 g6 25. h5 Rg8 26. hxg6+ Rxg6 27. Qh5+ 1-0

[Event "Michigan Open"]
[Site "Romulus, MI"]
[Date "2000.09.03"]
[Round "4.53"]
[White "Lehotzky, Attila"]
[Black "Garrison, Ray"]
[Result "0-1"]
[WhiteElo "1998"]
[BlackElo "2002"]
[PlyCount "49"]
[EventDate "2000.09.01"]

1. d4 e5 2. dxe5 Nc6 3. Nf3 Qe7 4. e3 Nxe5 5. Be2 Nf6 6. h3 b6 7. Nxe5 Qxe5 8.
Qd4 Qg5 9. Bf3 d5 10. Nc3 Bc5 11. Qd1 Be6 12. Nb5 Qe5 13. a3 a6 14. Nd4 O-O 15.
b4 Bd6 16. Rb1 c5 17. Ne2 Rad8 18. Bb2 Qg5 19. Bc1 Ne4 20. Qd3 cxb4 21. axb4
Rfe8 22. Nd4 Rc8 23. Nxe6 Rxe6 24. Bb2 Bxb4+ 25. Ke2 0-1

[Event "Michigan Open Reserve"]
[Site "Romulus, MI"]
[Date "2000.09.03"]
[Round "4.67"]
[White "Laurin, Edward"]
[Black "Sobh, Alex"]
[Result "0-1"]
[WhiteElo "1276"]
[BlackElo "1146"]
[PlyCount "73"]
[EventDate "2000.09.01"]

1. e4 e5 2. Nf3 Nc6 3. Bc4 h6 4. d4 Qe7 5. dxe5 Nxe5 6. Nxe5 Qxe5 7. Qd5 Qe6 8.
O-O Nf6 9. Qxe6+ dxe6 10. Re1 b6 11. Bf4 Bd6 12. Bb5+ Bd7 13. Bxd7+ Nxd7 14.
Bxd6 cxd6 15. Rd1 Ke7 16. Nc3 a6 17. Rd2 Rhd8 18. Re1 Nc5 19. b4 Nb7 20. Na4 b5
21. Nb2 Rac8 22. Rc1 d5 23. exd5 Rxd5 24. Rxd5 exd5 25. Kf1 Nd6 26. Nd3 Nf5 27.
Nc5 Rc6 28. Rd1 Rf6 29. Ke2 Rd6 30. Kf3 Kf6 31. Kf4 g5+ 32. Kg4 Kg6 33. a4 h5+
34. Kf3 Nh4+ 35. Kg3 bxa4 36. Nxa4 d4 37. c3 0-1

[Event "Michigan Open Reserve"]
[Site "Romulus, MI"]
[Date "2000.09.03"]
[Round "2.62"]
[White "Laurin, Edward"]
[Black "Buckles, Mark"]
[Result "1/2-1/2"]
[WhiteElo "1276"]
[BlackElo "1020"]
[PlyCount "50"]
[EventDate "2000.09.01"]

1. e4 e6 2. d4 d5 3. Nc3 Bb4 4. Bd2 dxe4 5. Nge2 Nc6 6. Nxe4 Bxd2+ 7. Qxd2 Nf6
8. Nxf6+ Qxf6 9. c3 O-O 10. Qf4 Qxf4 11. Nxf4 Re8 12. O-O-O Ne7 13. Bc4 b6 14.
Rhe1 Bb7 15. d5 exd5 16. Nxd5 Nxd5 17. Rxe8+ Rxe8 18. Bxd5 Bxd5 19. Rxd5 Kf8
20. Kd2 Ke7 21. Re5+ Kd7 22. Rxe8 Kxe8 23. Kd3 Kd7 24. Kd4 Kd6 25. b3 f5
1/2-1/2

[Event "Michigan Open Reserve"]
[Site "Romulus, MI"]
[Date "2000.09.03"]
[Round "5.50"]
[White "LaFerriere, Adam"]
[Black "Laurin, Edward"]
[Result "0-1"]
[WhiteElo "851"]
[BlackElo "1276"]
[PlyCount "120"]
[EventDate "2000.09.01"]

1. e4 b6 2. Nc3 Bb7 3. d3 e6 4. Be3 Nf6 5. g3 d5 6. Bg2 d4 7. Bxd4 Qxd4 8. Nf3
Qb4 9. Rb1 Nc6 10. a3 Qd6 11. d4 Qd7 12. e5 Nd5 13. Nxd5 Qxd5 14. O-O O-O-O 15.
Ng5 Qd7 16. c3 f6 17. Nf3 fxe5 18. Nxe5 Nxe5 19. Bxb7+ Kxb7 20. dxe5 Bc5 21.
Qf3+ Kb8 22. Rbd1 Qe8 23. Rxd8+ Qxd8 24. Rd1 Qf8 25. Rd3 Qxf3 26. Rxf3 Rf8 27.
Rxf8+ Bxf8 28. h3 Kb7 29. Kf1 Kc6 30. f4 Kd5 31. b3 Bxa3 32. Ke2 Ke4 33. Kd2
Kf3 34. b4 g6 35. Kc2 Kxg3 36. Kd3 Kxf4 37. Kd4 Bb2 38. b5 Bxc3+ 39. Kxc3 Kxe5
40. Kd3 Kd5 41. Ke3 e5 42. h4 h6 43. Kd3 g5 44. hxg5 hxg5 45. Ke3 g4 46. Kf2
Ke4 47. Kg3 Kd3 48. Kxg4 e4 49. Kg3 e3 50. Kf3 e2 51. Kf2 Kd2 52. Kg2 e1=R 53.
Kf2 Re3 54. Kf1 Re2 55. Kg1 Ke3 56. Kf1 Kf3 57. Kg1 Rf2 58. Kh1 Kg3 59. Kg1 Rf8
60. Kh1 Rf1# 0-1

[Event "Michigan Open Reserve"]
[Site "Romulus, MI"]
[Date "2000.09.03"]
[Round "5.34"]
[White "Kane, Paul"]
[Black "Imai, Toshio"]
[Result "1-0"]
[WhiteElo "1643"]
[BlackElo "1500"]
[PlyCount "77"]
[EventDate "2000.09.01"]

1. d4 Nf6 2. c4 c5 3. d5 b5 4. cxb5 a6 5. Nc3 e6 6. e4 d6 7. h3 e5 8. Nf3 Be7
9. Be2 O-O 10. O-O Nfd7 11. Be3 Nb6 12. a4 axb5 13. Bxb5 Ba6 14. b3 Bxb5 15.
Nxb5 Na6 16. Nd2 f5 17. f3 f4 18. Bf2 Bh4 19. a5 Nc8 20. Nc4 Bxf2+ 21. Rxf2 Rf6
22. Kf1 Nc7 23. Nxc7 Qxc7 24. Rfa2 Ra6 25. Qd3 Qb7 26. Ra3 Na7 27. Nb6 Nc8 28.
Qb5 Rf8 29. Qd7 Qxd7 30. Nxd7 Rd8 31. Nb8 Ra8 32. Nc6 Rd7 33. Rb1 Na7 34. b4
Nb5 35. Raa1 c4 36. a6 Nd4 37. b5 Nb3 38. Ra2 c3 39. Rxb3 1-0

[Event "Michigan Open Reserve"]
[Site "Romulus, MI"]
[Date "2000.09.03"]
[Round "3.61"]
[White "Jones, Gary"]
[Black "Zuniga, Jesus"]
[Result "1/2-1/2"]
[WhiteElo "1777"]
[BlackElo "1571"]
[PlyCount "84"]
[EventDate "2000.09.01"]

1. e4 e6 2. d4 d5 3. e5 c5 4. c3 Nc6 5. Nf3 Qb6 6. Bd3 Bd7 7. O-O cxd4 8. cxd4
g6 9. Nc3 Bg7 10. Re1 Nxd4 11. Nxd4 Qxd4 12. Nb5 Qb6 13. Nd6+ Ke7 14. Bf4 f6
15. exf6+ Nxf6 16. a4 a6 17. a5 Qa7 18. Rc1 Nh5 19. Qg4 Nxf4 20. Qxf4 Raf8 21.
Qg3 Qxf2+ 22. Qxf2 Rxf2 23. Kxf2 Kxd6 24. Rc2 Rf8+ 25. Ke2 e5 26. Rd1 Bg4+ 27.
Ke1 Bxd1 28. Kxd1 e4 29. Be2 d4 30. Rc4 d3 31. Bg4 e3 32. Bf3 e2+ 33. Kd2 Re8
34. Re4 Rxe4 35. Bxe4 Bxb2 36. Bxd3 e1=Q+ 37. Kxe1 Bc3+ 38. Kd1 Bxa5 39. Kc2
Kc5 40. Kb3 Bc7 41. h3 b5 42. Be4 a5 1/2-1/2

[Event "Michigan Open Reserve"]
[Site "Romulus, MI"]
[Date "2000.09.03"]
[Round "5.24"]
[White "Jones, Gary"]
[Black "Avery, Bill"]
[Result "1-0"]
[WhiteElo "1777"]
[BlackElo "1594"]
[Annotator "Jeff Aldrich"]
[PlyCount "61"]
[EventDate "2000.09.01"]

{King's Gambit Accepted: Knight's Gambit} 1. e4 e5 2. f4 exf4 3. Nf3 Nc6 4. d4
d6 5. Bxf4 Nge7 6. Bc4 {I imagine that this is the type of position one dream
of when playing the King's Gambit.} Ng6 7. Be3 Be7 8. O-O O-O 9. Nc3 Bd7 10.
Nd5 a6 11. Nxe7+ Ncxe7 12. Ng5 d5 $5 {Black gives up a pawn to activate his
pieces and weaken white's strong pawn center.} 13. exd5 Nf5 14. Bc1 Nd6 15. Bd3
Bb5 16. Qh5 h6 17. Ne6 fxe6 18. Qxg6 Bxd3 19. Qxe6+ $2 {Believe it or not,
this move loses at least a piece, since white still has to take back the
bishop. It just opens the e-file for the black rook.} Kh8 20. cxd3 Rxf1+ 21.
Kxf1 Qf8+ 22. Kg1 {DIAGRAM} Re8 $1 {The queen is pinned to the back-rank mate
theat.} 23. Bd2 Rxe6 24. dxe6 c6 $2 ({Black is much better off going after
those pawn with} 24... Qf6) 25. Bb4 Qe7 26. Re1 Kg8 $4 ({Black still could
have saved the game with} 26... Qh4) 27. Bxd6 Qh4 (27... Qxd6 28. e7 {and
there is no stopping the pawn from queening. With the text move, black hopes
to find a prepetual.}) 28. Re4 Qg5 29. e7 Qc1+ 30. Kf2 Qd2+ 31. Re2 1-0

[Event "Michigan Open Reserve"]
[Site "Romulus, MI"]
[Date "2000.09.03"]
[Round "4.26"]
[White "Jointer, William"]
[Black "Solski, Jeff"]
[Result "1/2-1/2"]
[WhiteElo "1617"]
[BlackElo "1486"]
[PlyCount "110"]
[EventDate "2000.09.01"]

1. e4 c5 2. Nf3 Nc6 3. d4 cxd4 4. Nxd4 e5 5. Nf5 d6 6. Nc3 a6 7. Bc4 g6 8. Ne3
Nf6 9. Ned5 Nxd5 10. Nxd5 Bg7 11. Be3 O-O 12. O-O Be6 13. f4 Rc8 14. Bb3 Kh8
15. f5 gxf5 16. exf5 Bxd5 17. Bxd5 Nb4 18. Bb3 d5 19. a3 d4 20. Bxd4 Nc6 21.
Bc5 Qxd1 22. Raxd1 Rfd8 23. f6 Bf8 24. Bb6 Rxd1 25. Rxd1 Nd4 26. Bxd4 exd4 27.
Kf1 Bc5 28. g4 Rg8 29. h3 Rg6 30. Ke2 Rxf6 31. Rf1 d3+ 32. cxd3 Rxf1 33. Kxf1
Bd4 34. Bxf7 Bxb2 35. a4 b5 36. axb5 axb5 37. Ke2 Kg7 38. Bb3 Kf6 39. Ke3 Kg5
40. Kf3 h5 41. gxh5 Kxh5 42. Kg3 b4 43. Be6 Bd4 44. Kf4 Kh4 45. Ke4 Bc3 46. d4
b3 47. Bxb3 Kxh3 48. d5 Kg4 49. d6 Ba5 50. Kd5 Kf5 51. Kc6 Kf6 52. d7 Ke7 53.
Ba4 Kd8 54. Kb7 Bc7 55. Bc6 Bf4 1/2-1/2

[Event "Michigan Open"]
[Site "Romulus, MI"]
[Date "2000.09.03"]
[Round "4.4"]
[White "Jarosz, Stan"]
[Black "Hahn, David"]
[Result "1-0"]
[WhiteElo "1948"]
[BlackElo "2143"]
[PlyCount "84"]
[EventDate "2000.09.01"]

1. d4 d6 2. Nf3 Bg4 3. Bf4 Nf6 4. Nbd2 Nbd7 5. h3 Bh5 6. c3 e6 7. Qb3 Qc8 8. e3
Be7 9. Bd3 Bg6 10. Bxg6 hxg6 11. O-O d5 12. c4 O-O 13. cxd5 exd5 14. Ne5 c6 15.
Rac1 a5 16. Qc2 Re8 17. Ndf3 Bd8 18. Rb1 Bc7 19. Rfc1 Nxe5 20. Bxe5 Nd7 21.
Bxc7 Qxc7 22. b4 axb4 23. Rxb4 Ra6 24. Qb3 b6 25. Qxd5 c5 26. Qb3 Qa7 27. dxc5
Ra3 28. Qd5 Nf6 29. Qc6 bxc5 30. Rb7 Qa6 31. Qc7 Rf8 32. Ng5 Qa5 33. Qxc5 Qxc5
34. Rxc5 Rxa2 35. Rcc7 Nd5 36. Rxf7 Rxf7 37. Rxf7 Nxe3 38. fxe3 Ra5 39. h4 Rxg5
40. Rxg7+ Kxg7 41. hxg5 Kf7 42. Kf2 Ke6 1-0

[Event "Michigan Open Reserve"]
[Site "Romulus, MI"]
[Date "2000.09.03"]
[Round "5.38"]
[White "Holden, Anthony"]
[Black "Carr, Jay"]
[Result "0-1"]
[WhiteElo "1414"]
[BlackElo "1600"]
[Annotator "Jeff Aldrich"]
[PlyCount "112"]
[EventDate "2000.09.01"]

{Queen's Pawn: Stonewall (Pillsbury)} 1. d4 d5 2. e3 Nf6 3. Bd3 c6 4. Nd2 g6 5.
f4 Bg4 6. Ngf3 e6 7. h3 Bxf3 8. Nxf3 Nbd7 9. Bd2 c5 10. g4 c4 {Normally, I
wouldn' t suggest a move like this. But in this case, it pushes the bishop
back. That is why white usually responds to the c5 push by playing c2-c3.} 11.
Bf1 Ne4 12. f5 exf5 13. gxf5 Ng3 $1 {Winning the pawn and saving the pawn
structure.} 14. Rg1 Nxf5 15. Qe2 Qe7 16. O-O-O Nf6 17. Ne5 Ne4 18. Be1 O-O-O
19. Bg2 Nfd6 20. Bb4 Qe6 21. Bf3 Bg7 22. Ng4 Kb8 23. Qh2 Ka8 24. c3 f5 25. Nf2
Rhe8 26. Rde1 Bf8 27. Nd1 Nf7 28. h4 $6 Bxb4 29. cxb4 Qd6 30. Qh3 {Figuring
that possible complications are worth another pawn.} Qxb4 31. Re2 Qe7 32. Reg2
Rf8 33. Bxe4 fxe4 34. h5 g5 35. Qf5 h6 36. Nc3 Qd6 37. a3 Nh8 $5 {Going for
the f-file. Would you be willing to put your knight on square like that? Just
keep an eye on him.} 38. Qg4 a6 39. Qd1 Rd7 40. Qe2 Rdf7 41. Kb1 b5 42. Ka2 Kb7
43. Nd1 Kc6 44. Nf2 Rf3 45. Ng4 R8f5 46. b4 Nf7 47. Rb1 Rg3 $5 48. Ne5+ Nxe5
49. Rxg3 Nd3 {DIAGRAM: Well now, that knight has managed to go from the worst
square on the board to the best. It was at the price of a rook, looks like a
bargain to me.} 50. Rg2 Qf6 51. a4 $2 {Opening lines to his own king.} Qf8 52.
Ka3 $2 {The king makes a poor defender.} a5 $1 53. Qc2 axb4+ 54. Ka2 Qa8 55.
Rb3 Qxa4+ 56. Kb1 Rf1+ 0-1

[Event "Michigan Open Reserve"]
[Site "Romulus, MI"]
[Date "2000.09.03"]
[Round "5.48"]
[White "Hershberger, Kent"]
[Black "Treacy, Joe"]
[Result "1-0"]
[WhiteElo "1024"]
[BlackElo "1500"]
[PlyCount "51"]
[EventDate "2000.09.01"]

1. e4 c5 2. Nf3 d6 3. d4 cxd4 4. Nxd4 Nf6 5. Nc3 a6 6. Bd3 e5 7. Nf3 Be6 8. Ng5
Be7 9. Nxe6 fxe6 10. Bc4 Qd7 11. O-O O-O 12. Bg5 Nc6 13. Be3 b5 14. Bd3 d5 15.
exd5 exd5 16. Bc1 Rf7 17. Bg5 e4 18. Bxf6 Rxf6 19. Bxe4 d4 20. Nd5 Rd8 21.
Nxf6+ Bxf6 22. Qh5 g6 23. Qf3 Rf8 24. Bxc6 Qc7 25. Bd5+ Kh8 26. Be4 1-0